000 00602nam a2200217 a 4500
001 0001-2133
003 ELIB.Books
008 190724 2010 eng
020 _a0060609184
092 _a220.6
_bBor
100 _aBorg, Marcus J.
245 _aReading the Bible Again for the First Time
260 _aA Division of Harper Collins Publishers
_bHarper SanFrancisco
_c2001
300 _a321
_c21.5cm
650 _aBible-Criticism
856 _nKBTS Library
_uKBTS Elib
942 _2ddc
_cBK
990 _a1
998 _aEnglishbooks.elf
_ccat
_e2019-07-24
999 _c12133
_d12133